<?xml version="1.0" encoding="UTF-8"?>
<record
    xmlns:xsi="http://www.w3.org/2001/XMLSchema-instance"
    xsi:schemaLocation="http://www.loc.gov/MARC21/slim http://www.loc.gov/standards/marcxml/schema/MARC21slim.xsd"
    xmlns="http://www.loc.gov/MARC21/slim">

  <leader>03522nam a2200469Ia 4500</leader>
  <controlfield tag="001">6487</controlfield>
  <controlfield tag="008">241029s9999    xx            000 0 und d</controlfield>
  <datafield tag="041" ind1=" " ind2=" ">
    <subfield code="a">Espa&#xF1;ol</subfield>
  </datafield>
  <datafield tag="082" ind1=" " ind2=" ">
    <subfield code="a">N/A</subfield>
  </datafield>
  <datafield tag="245" ind1=" " ind2="0">
    <subfield code="a">Propuesta sobre el uso de las redes sociales como estrategia pedag&#xF3;gica de apoyo al proceso de ense&#xF1;anza de la Lengua Espa&#xF1;ola en los niveles 5to y 6to del Liceo T&#xE9;cnico San Jos&#xE9; De Vicente Noble, en el periodo septiembre-diciembre 2018. </subfield>
  </datafield>
  <datafield tag="260" ind1=" " ind2=" ">
    <subfield code="a">Barahona</subfield>
  </datafield>
  <datafield tag="300" ind1=" " ind2=" ">
    <subfield code="a">118</subfield>
  </datafield>
  <datafield tag="520" ind1=" " ind2=" ">
    <subfield code="a">68</subfield>
  </datafield>
  <datafield tag="650" ind1=" " ind2=" ">
    <subfield code="a">Tecnolog&#xED;a Educativa</subfield>
  </datafield>
  <datafield tag="690" ind1=" " ind2=" ">
    <subfield code="a">Elaborado</subfield>
  </datafield>
  <datafield tag="901" ind1=" " ind2=" ">
    <subfield code="a">{"1":"Ferreras","2":"Ogando","3":"Gonzalez Gamboa "}</subfield>
    <subfield code="b">{"1":"Nestor Luis","2":"Domingo ","3":"Miguel"}</subfield>
  </datafield>
  <datafield tag="902" ind1=" " ind2=" ">
    <subfield code="a">1</subfield>
  </datafield>
  <datafield tag="903" ind1=" " ind2=" ">
    <subfield code="a">{"1":"Cruz Pichardo "}</subfield>
    <subfield code="b">{"1":"Ivanovnna Milqueya "}</subfield>
  </datafield>
  <datafield tag="904" ind1=" " ind2=" ">
    <subfield code="a">Mag&#xED;ster en</subfield>
  </datafield>
  <datafield tag="905" ind1=" " ind2=" ">
    <subfield code="a">Ciencias de la Educaci&#xF3;n</subfield>
  </datafield>
  <datafield tag="906" ind1=" " ind2=" ">
    <subfield code="a">1</subfield>
  </datafield>
  <datafield tag="907" ind1=" " ind2=" ">
    <subfield code="a">Gesti&#xF3;n de tecnolog&#xED;a educativa</subfield>
  </datafield>
  <datafield tag="908" ind1=" " ind2=" ">
    <subfield code="a">Gesti&#xF3;n Educativa</subfield>
  </datafield>
  <datafield tag="909" ind1=" " ind2=" ">
    <subfield code="a">Universidad Abierta para Adultos (UAPA), Recinto Santo Domingo Oriental</subfield>
  </datafield>
  <datafield tag="910" ind1=" " ind2=" ">
    <subfield code="a">NULL</subfield>
    <subfield code="b">NULL</subfield>
  </datafield>
  <datafield tag="911" ind1=" " ind2=" ">
    <subfield code="a">["1"]</subfield>
  </datafield>
  <datafield tag="912" ind1=" " ind2=" ">
    <subfield code="a">NO APLICA</subfield>
  </datafield>
  <datafield tag="913" ind1=" " ind2=" ">
    <subfield code="a">NULL</subfield>
  </datafield>
  <datafield tag="914" ind1=" " ind2=" ">
    <subfield code="a">03 de Diciembre de 2018</subfield>
  </datafield>
  <datafield tag="915" ind1=" " ind2=" ">
    <subfield code="a">30/10/19 12:10</subfield>
  </datafield>
  <datafield tag="916" ind1=" " ind2=" ">
    <subfield code="a">NULL</subfield>
  </datafield>
  <datafield tag="917" ind1=" " ind2=" ">
    <subfield code="a">NULL</subfield>
  </datafield>
  <datafield tag="918" ind1=" " ind2=" ">
    <subfield code="a">NO APLICA</subfield>
  </datafield>
  <datafield tag="919" ind1=" " ind2=" ">
    <subfield code="a">["202","245","153","264","191"]</subfield>
  </datafield>
  <datafield tag="520" ind1=" " ind2=" ">
    <subfield code="a">Este estudio se plante&#xF3; como objetivo general, desarrollar una estrategia pedag&#xF3;gica que permita integrar las redes sociales como apoyo a la pr&#xE1;ctica docente de Lengua Espa&#xF1;ola del centro educativo Liceo T&#xE9;cnico San Jos&#xE9; para elevar la efectividad del trabajo colaborativo. El enfoque del estudio es mixto de car&#xE1;cter exploratorio, los m&#xE9;todos utilizados fueron: el inductivo, deductivo, descriptivo, anal&#xED;tico y estad&#xED;stico. Las t&#xE9;cnicas utilizadas fueron la entrevista, encuesta, observaci&#xF3;n directa y el an&#xE1;lisis bibliogr&#xE1;fico y/o documental. La poblaci&#xF3;n participante en este estudio incluy&#xF3; 20 docentes y 185 estudiantes de 5to y 6to grado.Los resultados arrojaron que las redes m&#xE1;s conocidas por los estudiantes entrevistados son el Facebook para un 100% de los estudiantes, tanto masculino como femenino, el YouTube, el 95.8% y 94.4% de ambos sexo, dice conocerla, el 100% de los estudiantes masculino conocen WhatsApp y solo el 94.4% del sexo femenino la conoce; con lo que respecta a Instagram el 100% del sexo masculino y el 94.4% de sexo femenino dicen conocerla, 22 estudiantes masculino para un 91.7% conocen Snapchat y 29 alumnos femenino, para un 88.9%. Para Google+ el 83.3% de los alumnos masculino, afirman conocerla y el 80.6% de los femenino. El 70.8% de los masculino conoce Twitter Y el 63.9% femenino. Se concluy&#xF3; que los estudiantes de los grados bajo objeto de estudio, estuvieron de acuerdo en el uso de las redes sociales en el proceso de ense&#xF1;anza de la Lengua Espa&#xF1;ola, dado que les result&#xF3; algo motivador y din&#xE1;mico, el 97.22 % de los mismos conoc&#xED;an las redes sociales aplicada en la experiencia y el 88.33 ya ten&#xED;an cuentas activas en las mismas, siendo Facebook la red con m&#xE1;s alumnos activos con un 93.33%, seguida de WhatsApp con un 90% y por &#xFA;ltimo YouTube con un 68.33%. Se recomend&#xF3; que los estudiantes puedan continuar participando y desarrollando actividades de la asignatura de Lengua Espa&#xF1;ola, en las diferentes redes sociales, como estrategia de aprendizaje y mejoramiento continuo.</subfield>
  </datafield>
  <datafield tag="921" ind1=" " ind2=" ">
    <subfield code="a">63</subfield>
  </datafield>
  <datafield tag="922" ind1=" " ind2=" ">
    <subfield code="a">63</subfield>
  </datafield>
  <datafield tag="923" ind1=" " ind2=" ">
    <subfield code="a">1</subfield>
  </datafield>
  <datafield tag="924" ind1=" " ind2=" ">
    <subfield code="a">20191029213552</subfield>
  </datafield>
  <datafield tag="942" ind1=" " ind2=" ">
    <subfield code="c">Informe de Investigaci&#xF3;n</subfield>
  </datafield>
  <datafield tag="999" ind1=" " ind2=" ">
    <subfield code="c">6118</subfield>
    <subfield code="d">6118</subfield>
  </datafield>
</record>
